[Event "African Games Rapid Open 2019"]
[Site "Casablanca"]
[Date "2019.08.27"]
[Round "9.6"]
[White "Ssegwanyi, Arthur"]
[Black "Adu, Oladapo"]
[Result "0-1"]
[WhiteElo "2335"]
[BlackElo "2273"]
[Annotator "NA"]
[PlyCount "166"]
[EventDate "2019.08.26"]
[EventType "team-tourn"]
[EventCountry "MAR"]
[SourceTitle "playchess.com"]
[Source "ChessBase"]
[SourceQuality "1"]
[TimeControl "900+10"]

1. e4 {[%emt 0:00:00]} c5 {[%emt 0:00:00]} 2. Nf3 {[%emt 0:00:00]} d6 {[%emt 0:00:00]} 3. Bb5+ {[%emt 0:00:07]} Nd7 {[%emt 0:00:00]} 4. O-O {[%emt 0:00:08]} Ngf6 {[%emt 0:00:01]} 5. Re1 {[%emt 0:00:05]} e6 {[%emt 0:00:04]} 6. c3 {[%emt 0:00:09]} a6 {[%emt 0:00:13]} 7. Bf1 {[%emt 0:00:04]} Qc7 {[%emt 0:00:04]} 8. d4 {[%emt 0:00:05]} e5 {[%emt 0:00:03]} 9. Nbd2 {[%emt 0:00:34]} Be7 {[%emt 0:00:04]} 10. Nc4 {[%emt 0:01:06]} O-O {[%emt 0:00:14]} 11. dxe5 {[%emt 0:00:12]} Nxe5 {[%emt 0:00:10]} 12. Ne3 {[%emt 0:02:01]} Re8 {[%emt 0:00:13]} 13. Nxe5 {[%emt 0:00:28]} dxe5 {[%emt 0:00:02]} 14. Bc4 {[%emt 0:00:06]} b5 {[%emt 0:00:44]} 15. Bd5 {[%emt 0:01:21]} Bb7 {[%emt 0:00:43]} 16. Bxb7 {[%emt 0:01:55]} Qxb7 {[%emt 0:00:02]} 17. Nf5 {[%emt 0:00:04]} Bf8 {[%emt 0:01:28]} 18. Qf3 {[%emt 0:00:14]} Rad8 {[%emt 0:00:15]} 19. Bg5 {[%emt 0:00:33]} Re6 {[%emt 0:00:19]} 20. h4 {[%emt 0:00:34]} Qc6 {[%emt 0:00:32]} 21. h5 {[%emt 0:01:39]} h6 {[%emt 0:00:08]} 22. Bh4 {[%emt 0:00:18]} c4 {[%emt 0:00:05]} 23. Qg3 {[%emt 0:02:21]} Rd3 {[%emt 0:01:39]} 24. f3 {[%emt 0:02:41]} Nxh5 {[%emt 0:00:15]} 25. Qh2 {[%emt 0:00:22]} Nf4 {[%emt 0:00:19]} 26. Bg3 {[%emt 0:00:03]} Ng6 {[%emt 0:00:22]} 27. Kh1 {[%emt 0:00:35]} Bc5 {[%emt 0:00:24]} 28. Qh5 {[%emt 0:00:25]} Qd7 {[%emt 0:00:12]} 29. Qg4 {[%emt 0:00:22]} Qd8 {[%emt 0:00:30]} 30. Bh4 {[%emt 0:00:27]} Qd7 {[%emt 0:00:23]} 31. Bg3 {[%emt 0:00:02]} Kh7 {[%emt 0:00:11]} 32. Rac1 {[%emt 0:00:04]} Rd2 {[%emt 0:00:02]} 33. Rb1 {[%emt 0:00:00]} Bf8 {[%emt 0:00:25]} 34. Ne3 {[%emt 0:00:09]} Red6 {[%emt 0:00:05]} 35. Qh5 {[%emt 0:00:07]} Nf4 {[%emt 0:00:10]} 36. Qh2 {[%emt 0:00:17]} Rf6 {[%emt 0:00:22]} 37. Ng4 {[%emt 0:00:05]} Qe6 {[%emt 0:01:14]} 38. Nxf6+ {[%emt 0:00:03]} Qxf6 {[%emt 0:00:01]} 39. Bxf4 {[%emt 0:00:02]} exf4 {[%emt 0:00:01]} 40. Red1 {[%emt 0:00:06]} Rc2 {[%emt 0:00:06]} 41. Rd5 {[%emt 0:00:09]} Bd6 {[%emt 0:00:07]} 42. Qh3 {[%emt 0:00:04]} g6 {[%emt 0:00:03]} 43. Qg4 {[%emt 0:00:15]} Be5 {[%emt 0:00:22]} 44. Rd7 {[%emt 0:00:05]} Kg7 {[%emt 0:00:02]} 45. Ra7 {[%emt 0:00:13]} h5 {[%emt 0:00:08]} 46. Qh3 {[%emt 0:00:04]} Rd2 {[%emt 0:00:08]} 47. Ra8 {[%emt 0:00:09]} b4 {[%emt 0:00:11]} 48. cxb4 {[%emt 0:00:46]} Bxb2 {[%emt 0:00:02]} 49. Qc8 {[%emt 0:00:12]} Qh4+ {[%emt 0:00:02]} 50. Qh3 {[%emt 0:00:02]} Qf2 {[%emt 0:00:09]} 51. Rg1 {[%emt 0:01:14]} c3 {[%emt 0:00:06]} 52. Qc8 {[%emt 0:00:09]} Qh4+ {[%emt 0:00:01]} 53. Qh3 {[%emt 0:00:02]} Qxh3+ {[%emt 0:00:04]} 54. gxh3 {[%emt 0:00:02]} c2 {[%emt 0:00:02]} 55. Rc8 {[%emt 0:00:03]} c1=Q {[%emt 0:00:16]} 56. Rcxc1 {[%emt 0:00:06]} Bxc1 {[%emt 0:00:01]} 57. Rxc1 {[%emt 0:00:02]} Rxa2 {[%emt 0:00:01]} 58. Kg1 {[%emt 0:00:12]} Kf6 {[%emt 0:00:08]} 59. h4 {[%emt 0:00:09]} Ra4 {[%emt 0:00:20]} 60. Rc4 {[%emt 0:00:34]} Kg7 {[%emt 0:00:04]} 61. Rc6 {[%emt 0:00:09]} Rxb4 {[%emt 0:00:54]} 62. Rxa6 {[%emt 0:00:01]} Rb7 {[%emt 0:00:19]} 63. Rc6 {[%emt 0:00:02]} Re7 {[%emt 0:00:07]} 64. Ra6 {[%emt 0:00:05]} f6 {[%emt 0:00:02]} 65. Kg2 {[%emt 0:00:02]} g5 {[%emt 0:00:07]} 66. hxg5 {[%emt 0:00:25]} fxg5 {[%emt 0:00:00]} 67. Ra5 {[%emt 0:00:15]} Kh6 {[%emt 0:00:01]} 68. Ra6+ {[%emt 0:00:04]} Kh7 {[%emt 0:00:01]} 69. Ra5 {[%emt 0:00:09]} Rg7 {[%emt 0:00:02]} 70. Rf5 {[%emt 0:00:15]} Kg6 {[%emt 0:00:01]} 71. Ra5 {[%emt 0:00:07]} Rf7 {[%emt 0:00:03]} 72. Ra6+ {[%emt 0:00:04]} Rf6 {[%emt 0:00:01]} 73. Ra8 {[%emt 0:00:08]} g4 {[%emt 0:00:08]} 74. Rg8+ {[%emt 0:00:41]} Kh7 {[%emt 0:00:01]} 75. Rg5 {[%emt 0:00:05]} Kh6 {[%emt 0:00:00]} 76. Rg8 {[%emt 0:00:11]} g3 {[%emt 0:01:15]} 77. Rh8+ {[%emt 0:00:21]} Kg5 {[%emt 0:00:04]} 78. Rg8+ {[%emt 0:00:07]} Kh4 {[%emt 0:00:06]} 79. Rg7 {[%emt 0:00:05]} Rb6 {[%emt 0:00:07]} 80. e5 {[%emt 0:00:07]} Rb2+ {[%emt 0:00:04]} 81. Kf1 {[%emt 0:00:04]} Rf2+ {[%emt 0:00:01]} 82. Kg1 {[%emt 0:00:35]} Rxf3 {[%emt 0:00:06]} 83. Rf7 {[%emt 0:00:03]} Kg4 0-1

[Event "African Games Rapid Open 2019"]
[Site "Casablanca"]
[Date "2019.08.27"]
[Round "9.7"]
[White "Aderito, Pedro"]
[Black "Zaibi, Amir"]
[Result "1/2-1/2"]
[WhiteElo "2301"]
[BlackElo "2367"]
[Annotator "NA"]
[PlyCount "49"]
[EventDate "2019.08.26"]
[EventType "team-tourn"]
[EventCountry "MAR"]
[SourceTitle "playchess.com"]
[Source "ChessBase"]
[SourceQuality "1"]
[TimeControl "900+10"]

1. e4 {[%emt 0:00:00]} c5 {[%emt 0:00:00]} 2. Nf3 {[%emt 0:00:00]} Nc6 {[%emt 0:00:00]} 3. Bb5 {[%emt 0:00:00]} e5 {[%emt 0:00:00]} 4. c3 {[%emt 0:00:09]} Bd6 {[%emt 0:00:03]} 5. O-O {[%emt 0:00:05]} Nge7 {[%emt 0:00:04]} 6. Re1 {[%emt 0:00:03]} O-O {[%emt 0:01:09]} 7. a4 {[%emt 0:00:58]} Bc7 {[%emt 0:00:12]} 8. Na3 {[%emt 0:00:08]} a6 {[%emt 0:00:33]} 9. Bf1 {[%emt 0:01:06]} d5 {[%emt 0:00:33]} 10. d3 {[%emt 0:00:19]} b5 {[%emt 0:00:37]} 11. exd5 {[%emt 0:01:43]} Nxd5 {[%emt 0:00:20]} 12. Bd2 {[%emt 0:02:06]} Rb8 {[%emt 0:00:17]} 13. axb5 {[%emt 0:00:08]} axb5 {[%emt 0:00:01]} 14. d4 {[%emt 0:03:34]} b4 {[%emt 0:01:13]} 15. Nb5 {[%emt 0:00:08]} bxc3 {[%emt 0:01:04]} 16. bxc3 {[%emt 0:00:02]} exd4 {[%emt 0:00:18]} 17. cxd4 {[%emt 0:00:04]} Nxd4 {[%emt 0:00:41]} 18. Nfxd4 {[%emt 0:00:18]} cxd4 {[%emt 0:00:02]} 19. Nxc7 {[%emt 0:00:35]} Qxc7 {[%emt 0:00:28]} 20. Qa4 {[%emt 0:00:46]} Qc5 {[%emt 0:01:52]} 21. Re4 {[%emt 0:00:41]} Nc3 {[%emt 0:02:15]} 22. Bxc3 {[%emt 0:00:02]} dxc3 {[%emt 0:00:09]} 23. Rc4 {[%emt 0:00:01]} Qe5 {[%emt 0:01:40]} 24. Rc1 {[%emt 0:01:03]} Be6 {[%emt 0:00:55]} 25. R4xc3 1/2-1/2

[Event "African Games Rapid Open 2019"]
[Site "Casablanca"]
[Date "2019.08.27"]
[Round "9.8"]
[White "Tissir, Mohamed"]
[Black "Chumfwa, Stanley"]
[Result "0-1"]
[WhiteElo "2379"]
[BlackElo "2317"]
[Annotator "NA"]
[PlyCount "82"]
[EventDate "2019.08.26"]
[EventType "team-tourn"]
[EventCountry "MAR"]
[SourceTitle "playchess.com"]
[Source "ChessBase"]
[SourceQuality "1"]
[TimeControl "900+10"]

1. e4 {[%emt 0:00:00]} c5 {[%emt 0:00:00]} 2. Nc3 {[%emt 0:00:00]} d6 {[%emt 0:00:00]} 3. Nf3 {[%emt 0:00:00]} Nf6 {[%emt 0:00:05]} 4. d4 {[%emt 0:00:00]} cxd4 {[%emt 0:00:01]} 5. Nxd4 a6 6. Bc4 {[%emt 0:00:15]} e6 {[%emt 0:00:12]} 7. Bb3 {[%emt 0:00:01]} Nc6 {[%emt 0:00:19]} 8. Be3 {[%emt 0:00:18]} Be7 {[%emt 0:00:02]} 9. Qe2 {[%emt 0:00:38]} Qc7 {[%emt 0:00:02]} 10. O-O-O {[%emt 0:00:05]} Na5 {[%emt 0:00:02]} 11. g4 {[%emt 0:00:05]} b5 {[%emt 0:00:07]} 12. g5 {[%emt 0:00:01]} Nxb3+ {[%emt 0:00:08]} 13. axb3 {[%emt 0:00:51]} Nd7 {[%emt 0:00:03]} 14. Kb1 {[%emt 0:00:42]} b4 {[%emt 0:00:07]} 15. Na4 {[%emt 0:00:02]} Nc5 {[%emt 0:00:06]} 16. Bd2 {[%emt 0:05:27]} Bd7 {[%emt 0:02:47]} 17. h4 {[%emt 0:02:03]} Nxa4 {[%emt 0:02:51]} 18. bxa4 {[%emt 0:00:04]} Bxa4 {[%emt 0:00:02]} 19. Bxb4 {[%emt 0:00:16]} O-O {[%emt 0:00:06]} 20. Rh3 {[%emt 0:00:21]} Rab8 {[%emt 0:01:54]} 21. Qd2 {[%emt 0:01:07]} Qb6 {[%emt 0:00:28]} 22. Bc3 {[%emt 0:00:12]} Rfc8 {[%emt 0:00:02]} 23. f4 {[%emt 0:00:35]} Bf8 {[%emt 0:01:23]} 24. h5 {[%emt 0:00:04]} Bd7 {[%emt 0:01:29]} 25. Rg3 {[%emt 0:01:24]} Qb7 {[%emt 0:00:49]} 26. Re1 {[%emt 0:00:03]} d5 {[%emt 0:00:09]} 27. g6 {[%emt 0:00:46]} fxg6 {[%emt 0:01:56]} 28. Nb3 {[%emt 0:01:40]} Rxc3 {[%emt 0:00:32]} 29. Rxc3 {[%emt 0:01:15]} Bb4 {[%emt 0:00:04]} 30. hxg6 {[%emt 0:00:06]} hxg6 {[%emt 0:00:28]} 31. exd5 {[%emt 0:00:15]} Qxd5 {[%emt 0:01:13]} 32. Qxd5 {[%emt 0:00:43]} exd5 {[%emt 0:00:02]} 33. Rc7 {[%emt 0:00:01]} Bxe1 {[%emt 0:00:08]} 34. Rxd7 {[%emt 0:00:01]} Bg3 {[%emt 0:00:32]} 35. Rxd5 {[%emt 0:00:25]} Bxf4 36. Nc5 Rb6 {[%emt 0:00:31]} 37. Rd8+ {[%emt 0:00:26]} Kh7 {[%emt 0:00:26]} 38. Ra8 {[%emt 0:00:51]} g5 {[%emt 0:00:11]} 39. Nxa6 g4 {[%emt 0:00:03]} 40. Nc5 {[%emt 0:00:21]} g3 {[%emt 0:00:08]} 41. Nd7 {[%emt 0:00:14]} g2 {[%emt 0:00:08]} 0-1

[Event "African Games Rapid Open 2019"]
[Site "Casablanca"]
[Date "2019.08.27"]
[Round "9.9"]
[White "Arab, Adlane"]
[Black "Khetho, Phemelo"]
[Result "1-0"]
[WhiteElo "2485"]
[BlackElo "2178"]
[Annotator "ChessBase"]
[PlyCount "59"]
[EventDate "2019.08.26"]
[EventType "team-tourn"]
[EventCountry "MAR"]
[SourceTitle "playchess.com"]
[Source "ChessBase"]
[SourceQuality "1"]
[TimeControl "900+10"]

1. d4 {[%emt 0:00:00]} Nf6 {[%emt 0:00:00]} 2. c4 {[%emt 0:00:00]} g6 {[%emt 0:00:00]} 3. Nc3 {[%emt 0:00:00]} Bg7 {[%emt 0:00:00]} 4. e4 {[%emt 0:00:00]} d6 {[%emt 0:00:00]} 5. h3 {[%emt 0:00:01]} c6 {[%emt 0:00:00]} 6. Bg5 {[%emt 0:00:10]} a6 {[%emt 0:00:06]} 7. Nf3 {[%emt 0:00:06]} b5 {[%emt 0:00:01]} 8. a3 {[%emt 0:00:03]} h6 {[%emt 0:00:11]} 9. Be3 {[%emt 0:00:05]} O-O {[%emt 0:00:18]} 10. Qd2 {[%emt 0:00:02]} Kh7 {[%emt 0:00:01]} 11. Be2 {[%emt 0:00:30]} bxc4 {[%emt 0:00:02]} 12. Bxc4 {[%emt 0:00:03]} d5 {[%emt 0:00:02]} 13. exd5 {[%emt 0:00:03]} cxd5 {[%emt 0:00:01]} 14. Bd3 {[%emt 0:00:04]} Bb7 {[%emt 0:00:11]} 15. O-O {[%emt 0:00:04]} Nbd7 {[%emt 0:00:07]} 16. Qe2 {[%emt 0:00:29]} Ne4 {[%emt 0:00:05]} 17. Rac1 {[%emt 0:00:08]} f5 {[%emt 0:00:27]} 18. Bf4 {[%emt 0:00:15]} Ndf6 {[%emt 0:00:28]} 19. Ne5 {[%emt 0:00:06]} Nxc3 {[%emt 0:00:14]} 20. Rxc3 {[%emt 0:00:03]} Ne4 {[%emt 0:00:01]} 21. Rc2 {[%emt 0:00:04]} e6 {[%emt 0:01:32]} 22. Rfc1 {[%emt 0:00:07]} Bxe5 {[%emt 0:00:05]} 23. Bxe5 {[%emt 0:00:02]} Rf7 {[%emt 0:00:01]} 24. Rc7 {[%emt 0:00:16]} Ng5 {[%emt 0:02:59]} 25. Rxf7+ {[%emt 0:00:09]} Nxf7 {[%emt 0:00:03]} 26. Rc7 {[%emt 0:00:04]} Kg8 {[%emt 0:00:04]} 27. Rxb7 {[%emt 0:00:05]} Qg5 {[%emt 0:00:07]} 28. Rc7 {[%emt 0:00:11]} Qd8 {[%emt 0:00:28]} 29. b4 {[%emt 0:00:07]} Nd6 {[%emt 0:00:12]} 30. Rg7+ {[%emt 0:00:14]} 1-0

[Event "African Games Rapid Open 2019"]
[Site "Casablanca"]
[Date "2019.08.27"]
[Round "9.10"]
[White "Osunfuyi, Abimbola"]
[Black "Mphungu, Gerrard"]
[Result "0-1"]
[WhiteElo "2235"]
[BlackElo "2107"]
[Annotator "NA"]
[PlyCount "107"]
[EventDate "2019.08.26"]
[EventType "team-tourn"]
[EventCountry "MAR"]
[SourceTitle "playchess.com"]
[Source "ChessBase"]
[SourceQuality "1"]
[TimeControl "900+10"]

1. d4 {[%emt 0:00:00]} d5 {[%emt 0:00:00]} 2. Nf3 {[%emt 0:00:00]} Nf6 {[%emt 0:00:00]} 3. g3 {[%emt 0:00:00]} Bf5 {[%emt 0:00:00]} 4. Bg2 {[%emt 0:00:00]} c6 {[%emt 0:00:02]} 5. c4 {[%emt 0:00:05]} e6 {[%emt 0:00:01]} 6. Qb3 {[%emt 0:00:02]} Qb6 {[%emt 0:00:04]} 7. c5 {[%emt 0:00:03]} Qxb3 {[%emt 0:00:03]} 8. axb3 {[%emt 0:00:01]} Nbd7 {[%emt 0:00:04]} 9. Nc3 {[%emt 0:00:10]} a6 {[%emt 0:00:03]} 10. b4 {[%emt 0:00:02]} Rc8 {[%emt 0:00:04]} 11. Nh4 {[%emt 0:00:25]} Be7 {[%emt 0:00:49]} 12. f3 {[%emt 0:00:22]} h6 {[%emt 0:01:32]} 13. Nxf5 {[%emt 0:00:12]} exf5 {[%emt 0:00:02]} 14. h4 {[%emt 0:00:11]} h5 {[%emt 0:00:11]} 15. Kf2 {[%emt 0:00:34]} O-O {[%emt 0:00:17]} 16. Bf4 {[%emt 0:00:08]} Rfe8 {[%emt 0:00:29]} 17. e3 {[%emt 0:01:09]} Bf8 {[%emt 0:00:16]} 18. Bf1 {[%emt 0:00:03]} g6 {[%emt 0:00:07]} 19. Bd3 {[%emt 0:00:31]} Kh7 {[%emt 0:00:17]} 20. Bg5 {[%emt 0:00:31]} Bh6 {[%emt 0:00:09]} 21. Ne2 {[%emt 0:00:04]} Kg7 {[%emt 0:00:12]} 22. Nf4 {[%emt 0:00:10]} Ra8 {[%emt 0:01:11]} 23. Ra3 {[%emt 0:00:16]} Rac8 {[%emt 0:00:34]} 24. Nh3 {[%emt 0:00:12]} Ra8 {[%emt 0:00:14]} 25. Rha1 {[%emt 0:00:15]} Rac8 {[%emt 0:00:06]} 26. Bf1 {[%emt 0:00:41]} Nh7 {[%emt 0:00:12]} 27. Bf4 {[%emt 0:00:10]} Bxf4 {[%emt 0:00:10]} 28. gxf4 {[%emt 0:00:40]} Nhf6 {[%emt 0:00:04]} 29. Ng1 {[%emt 0:00:05]} Re7 {[%emt 0:00:05]} 30. Ne2 {[%emt 0:00:25]} Ne8 {[%emt 0:00:30]} 31. Nc1 {[%emt 0:00:10]} Nc7 {[%emt 0:00:17]} 32. Nb3 {[%emt 0:00:06]} Nf6 {[%emt 0:00:58]} 33. Na5 {[%emt 0:00:21]} Rb8 {[%emt 0:00:06]} 34. Bd3 {[%emt 0:00:22]} Kf8 {[%emt 0:00:12]} 35. Nb3 {[%emt 0:00:11]} Rbe8 {[%emt 0:00:11]} 36. Re1 {[%emt 0:00:02]} Ne6 {[%emt 0:00:08]} 37. Re2 {[%emt 0:00:26]} Kg7 {[%emt 0:00:07]} 38. Nd2 {[%emt 0:00:23]} Kf8 {[%emt 0:00:24]} 39. Nf1 {[%emt 0:00:03]} Kg8 {[%emt 0:00:27]} 40. Ng3 {[%emt 0:00:03]} Ng7 {[%emt 0:00:16]} 41. Re1 {[%emt 0:01:11]} Ne6 {[%emt 0:00:05]} 42. Rg1 {[%emt 0:01:20]} Kh8 {[%emt 0:01:12]} 43. Rga1 {[%emt 0:01:33]} Nc7 {[%emt 0:00:22]} 44. Bxf5 {[%emt 0:01:56]} Nb5 {[%emt 0:00:41]} 45. R3a2 {[%emt 0:00:37]} Rxe3 {[%emt 0:01:16]} 46. Ne4 {[%emt 0:01:02]} dxe4 {[%emt 0:00:21]} 47. Kxe3 {[%emt 0:00:10]} exf3+ {[%emt 0:00:06]} 48. Kd3 {[%emt 0:00:20]} gxf5 {[%emt 0:01:45]} 49. Rf1 {[%emt 0:00:08]} Nd5 {[%emt 0:00:10]} 50. Raa1 {[%emt 0:00:06]} Re3+ {[%emt 0:00:07]} 51. Kc4 {[%emt 0:00:10]} Re4 {[%emt 0:01:04]} 52. Rxf3 {[%emt 0:00:05]} Rxd4+ {[%emt 0:00:03]} 53. Kb3 {[%emt 0:00:03]} Rxb4+ {[%emt 0:00:13]} 54. Kc2 0-1

[Event "African Games Rapid Open 2019"]
[Site "Casablanca"]
[Date "2019.08.27"]
[Round "9.11"]
[White "Elarabi, Abobker Mohamed"]
[Black "Mesfin, Leykun"]
[Result "0-1"]
[WhiteElo "2326"]
[BlackElo "2151"]
[Annotator "NA"]
[PlyCount "56"]
[EventDate "2019.08.26"]
[EventType "team-tourn"]
[EventCountry "MAR"]
[SourceTitle "playchess.com"]
[Source "ChessBase"]
[SourceQuality "1"]
[TimeControl "900+10"]

1. d4 {[%emt 0:00:00]} Nf6 {[%emt 0:00:00]} 2. c4 {[%emt 0:00:00]} g6 {[%emt 0:00:00]} 3. g3 {[%emt 0:00:08]} Bg7 {[%emt 0:00:00]} 4. Bg2 {[%emt 0:00:01]} c5 {[%emt 0:00:17]} 5. d5 {[%emt 0:00:27]} d6 {[%emt 0:00:04]} 6. Nc3 {[%emt 0:00:02]} O-O {[%emt 0:00:02]} 7. Nf3 {[%emt 0:00:22]} e5 {[%emt 0:00:07]} 8. dxe6 {[%emt 0:00:23]} Bxe6 {[%emt 0:00:02]} 9. Qd3 {[%emt 0:01:23]} Nc6 {[%emt 0:00:08]} 10. Nd2 {[%emt 0:01:40]} Ne5 {[%emt 0:01:29]} 11. Qc2 {[%emt 0:00:03]} Nxc4 {[%emt 0:00:39]} 12. Nxc4 {[%emt 0:00:10]} Bxc4 {[%emt 0:00:02]} 13. Bxb7 {[%emt 0:00:04]} Rb8 {[%emt 0:00:13]} 14. Bf3 {[%emt 0:00:02]} Be6 {[%emt 0:00:18]} 15. O-O {[%emt 0:00:08]} d5 {[%emt 0:00:06]} 16. Bf4 {[%emt 0:01:23]} Rc8 {[%emt 0:00:04]} 17. Rfd1 {[%emt 0:00:18]} d4 {[%emt 0:00:03]} 18. Nb5 {[%emt 0:00:51]} Qb6 {[%emt 0:00:36]} 19. a4 {[%emt 0:00:47]} Nd5 {[%emt 0:00:31]} 20. Bxd5 {[%emt 0:01:49]} Bxd5 {[%emt 0:00:03]} 21. e4 {[%emt 0:00:29]} Ba8 {[%emt 0:00:17]} 22. Nd6 {[%emt 0:00:28]} Rcd8 {[%emt 0:00:10]} 23. Nc4 {[%emt 0:00:08]} Qe6 {[%emt 0:00:18]} 24. Nd2 {[%emt 0:00:28]} Rc8 {[%emt 0:00:25]} 25. Rac1 {[%emt 0:00:16]} c4 {[%emt 0:01:16]} 26. Nxc4 {[%emt 0:02:18]} Rxc4 {[%emt 0:00:52]} 27. Qxc4 {[%emt 0:00:08]} Qxe4 {[%emt 0:00:02]} 28. Kf1 {[%emt 0:01:12]} Re8 {[%emt 0:01:46]} 0-1

[Event "African Games Rapid Open 2019"]
[Site "Casablanca"]
[Date "2019.08.27"]
[Round "9.12"]
[White "Oatlhotse, Providence"]
[Black "Gole, Habtamu Ashenafi"]
[Result "1-0"]
[WhiteElo "2252"]
[BlackElo "2046"]
[Annotator "NA"]
[PlyCount "141"]
[EventDate "2019.08.26"]
[EventType "team-tourn"]
[EventCountry "MAR"]
[SourceTitle "playchess.com"]
[Source "ChessBase"]
[SourceQuality "1"]
[TimeControl "900+10"]

1. c4 {[%emt 0:00:02]} Nf6 {[%emt 0:00:00]} 2. g3 {[%emt 0:00:01]} e6 {[%emt 0:00:00]} 3. Bg2 {[%emt 0:00:01]} c6 {[%emt 0:00:00]} 4. Nf3 {[%emt 0:00:03]} d5 {[%emt 0:00:00]} 5. O-O {[%emt 0:00:02]} Be7 {[%emt 0:00:00]} 6. b3 {[%emt 0:00:12]} Nbd7 {[%emt 0:00:00]} 7. Bb2 {[%emt 0:00:02]} a5 {[%emt 0:00:01]} 8. Nc3 {[%emt 0:00:03]} O-O {[%emt 0:00:02]} 9. d3 {[%emt 0:00:09]} Re8 {[%emt 0:00:42]} 10. Qc2 {[%emt 0:00:23]} h6 {[%emt 0:00:22]} 11. Rad1 {[%emt 0:00:08]} Nf8 {[%emt 0:00:40]} 12. d4 {[%emt 0:00:38]} Ng6 {[%emt 0:00:14]} 13. e4 {[%emt 0:00:06]} dxe4 {[%emt 0:00:05]} 14. Ne5 {[%emt 0:00:20]} Nf8 {[%emt 0:00:30]} 15. Nxe4 {[%emt 0:00:11]} Qc7 {[%emt 0:00:36]} 16. c5 {[%emt 0:00:33]} Nd5 {[%emt 0:00:16]} 17. a3 {[%emt 0:00:45]} Nd7 {[%emt 0:01:39]} 18. Nc4 {[%emt 0:00:12]} N7f6 {[%emt 0:00:12]} 19. Ned6 {[%emt 0:00:20]} Rf8 {[%emt 0:00:33]} 20. Rfe1 {[%emt 0:00:09]} Qb8 {[%emt 0:01:29]} 21. Ne4 {[%emt 0:00:50]} Bd7 {[%emt 0:00:33]} 22. Rc1 {[%emt 0:00:02]} Qc7 {[%emt 0:00:26]} 23. Red1 {[%emt 0:00:31]} Rfd8 {[%emt 0:00:25]} 24. Bc3 {[%emt 0:00:23]} Nxc3 {[%emt 0:00:11]} 25. Qxc3 {[%emt 0:00:10]} Nd5 {[%emt 0:00:01]} 26. Qe1 {[%emt 0:00:12]} a4 {[%emt 0:00:11]} 27. b4 {[%emt 0:00:06]} f5 {[%emt 0:01:25]} 28. Ned6 {[%emt 0:00:23]} Bf6 {[%emt 0:00:02]} 29. Ne5 {[%emt 0:00:15]} b5 {[%emt 0:00:38]} 30. Ndf7 {[%emt 0:01:35]} Rf8 {[%emt 0:00:28]} 31. Nxd7 {[%emt 0:00:09]} Qxd7 {[%emt 0:00:20]} 32. Ne5 {[%emt 0:00:03]} Qe8 {[%emt 0:00:23]} 33. f4 {[%emt 0:00:20]} Rc8 {[%emt 0:00:01]} 34. Qe2 {[%emt 0:00:41]} g5 {[%emt 0:00:53]} 35. Bxd5 {[%emt 0:00:26]} exd5 {[%emt 0:00:07]} 36. Re1 {[%emt 0:00:20]} gxf4 {[%emt 0:00:57]} 37. gxf4 {[%emt 0:00:04]} Kh7 {[%emt 0:00:16]} 38. Kh1 {[%emt 0:00:11]} Rc7 {[%emt 0:00:42]} 39. Rg1 {[%emt 0:00:37]} Rg7 {[%emt 0:00:07]} 40. Rxg7+ {[%emt 0:00:09]} Bxg7 {[%emt 0:00:01]} 41. Rg1 {[%emt 0:00:03]} Bf6 {[%emt 0:01:21]} 42. Qd3 {[%emt 0:00:21]} Bxe5 {[%emt 0:01:32]} 43. Re1 {[%emt 0:04:54]} Qg6 {[%emt 0:00:51]} 44. Rxe5 {[%emt 0:00:16]} Qg4 {[%emt 0:00:51]} 45. Re7+ {[%emt 0:03:48]} Kh8 {[%emt 0:00:16]} 46. Qg3 {[%emt 0:01:16]} Qd1+ {[%emt 0:00:15]} 47. Re1 {[%emt 0:00:01]} Qxd4 {[%emt 0:00:05]} 48. Qh4 {[%emt 0:00:19]} Qf6 {[%emt 0:00:10]} 49. Qxf6+ {[%emt 0:00:09]} Rxf6 {[%emt 0:00:01]} 50. Kg2 {[%emt 0:00:05]} Kg7 {[%emt 0:00:03]} 51. Re7+ {[%emt 0:00:07]} Kf8 {[%emt 0:00:14]} 52. Re5 {[%emt 0:00:12]} Kf7 {[%emt 0:00:03]} 53. Kf3 {[%emt 0:00:08]} h5 {[%emt 0:00:05]} 54. Kf2 {[%emt 0:00:16]} Kg6 {[%emt 0:00:15]} 55. Re7 {[%emt 0:00:10]} h4 {[%emt 0:00:10]} 56. Kf3 {[%emt 0:00:08]} Rf7 {[%emt 0:00:08]} 57. Re6+ {[%emt 0:00:05]} Rf6 {[%emt 0:00:01]} 58. Re7 {[%emt 0:00:03]} Kh6 {[%emt 0:00:15]} 59. Rd7 {[%emt 0:00:24]} Kh5 {[%emt 0:00:12]} 60. Rh7+ {[%emt 0:00:11]} Kg6 {[%emt 0:00:05]} 61. Rxh4 {[%emt 0:00:09]} Re6 {[%emt 0:00:00]} 62. Rh8 {[%emt 0:00:08]} Re1 {[%emt 0:00:24]} 63. Rc8 {[%emt 0:00:06]} Ra1 {[%emt 0:00:27]} 64. Rxc6+ {[%emt 0:00:02]} Kh5 {[%emt 0:00:00]} 65. Rb6 {[%emt 0:00:18]} Rxa3+ {[%emt 0:00:02]} 66. Ke2 {[%emt 0:00:10]} Kg4 {[%emt 0:00:19]} 67. Rxb5 {[%emt 0:00:06]} Kxf4 {[%emt 0:00:06]} 68. c6 {[%emt 0:00:13]} Ke4 {[%emt 0:00:04]} 69. c7 {[%emt 0:00:14]} Ra2+ {[%emt 0:00:01]} 70. Kd1 {[%emt 0:00:03]} Kd3 {[%emt 0:00:26]} 71. Rxd5+ {[%emt 0:00:09]} 1-0